[Event "British Rapidplay Championship 2023"]
[Site "Mercure Bradford, Bankfield Hotel"]
[Date "2023.04.15"]
[Round "4.7"]
[White "Mokhber-Garcia, Sebastian"]
[Black "Bak, Christopher"]
[Result "1/2-1/2"]
[TimeControl "All moves in 15 minutes plus 10 second increment per move from move 1"]
[WhiteElo "1592"]
[BlackElo "1947"]

1. e4 {[%clk 00:15:19]} e6 {[%clk 00:15:18]} {[%emt 00:00:02]} 2. c4 {[%clk
00:15:28]} {[%emt 00:00:02]} d5 {[%clk 00:15:15]} {[%emt 00:00:13]} 3. cxd5
{[%clk 00:15:36]} {[%emt 00:00:02]} exd5 {[%clk 00:15:23]} {[%emt 00:00:01]} 4.
Qb3 {[%clk 00:15:45]} {[%emt 00:00:02]} Nf6 {[%clk 00:14:38]} {[%emt 00:00:55]}
5. e5 {[%clk 00:15:50]} {[%emt 00:00:04]} Qe7 {[%clk 00:14:06]} {[%emt
00:00:43]} 6. d4 {[%clk 00:15:54]} {[%emt 00:00:05]} Qb4+ {[%clk 00:14:11]}
{[%emt 00:00:06]} 7. Nc3 {[%clk 00:15:19]} {[%emt 00:00:45]} Ne4 {[%clk
00:13:09]} {[%emt 00:01:12]} 8. Nge2 {[%clk 00:15:17]} {[%emt 00:00:11]} c6
{[%clk 00:12:15]} {[%emt 00:01:05]} 9. f3 {[%clk 00:15:14]} {[%emt 00:00:13]}
Nxc3 {[%clk 00:12:08]} {[%emt 00:00:16]} 10. bxc3 {[%clk 00:15:20]} {[%emt
00:00:04]} Qxb3 {[%clk 00:12:00]} {[%emt 00:00:19]} 11. axb3 {[%clk 00:15:27]}
{[%emt 00:00:03]} Na6 {[%clk 00:11:22]} {[%emt 00:00:48]} 12. Nf4 {[%clk
00:15:16]} {[%emt 00:00:21]} Nc7 {[%clk 00:11:29]} {[%emt 00:00:03]} 13. Bd3
{[%clk 00:15:14]} {[%emt 00:00:12]} Be7 {[%clk 00:11:30]} {[%emt 00:00:09]} 14.
O-O {[%clk 00:15:17]} {[%emt 00:00:06]} O-O {[%clk 00:11:37]} {[%emt 00:00:03]}
15. Ba3 {[%clk 00:15:23]} {[%emt 00:00:05]} Re8 {[%clk 00:11:40]} {[%emt
00:00:07]} 16. Bxe7 {[%clk 00:15:12]} {[%emt 00:00:20]} Rxe7 {[%clk 00:11:48]}
{[%emt 00:00:02]} 17. Ne2 {[%clk 00:15:00]} {[%emt 00:00:22]} Bd7 {[%clk
00:10:34]} {[%emt 00:01:24]} 18. f4 {[%clk 00:15:04]} {[%emt 00:00:06]} f6
{[%clk 00:10:37]} {[%emt 00:00:08]} 19. Ng3 {[%clk 00:15:00]} {[%emt 00:00:13]}
a6 {[%clk 00:10:37]} {[%emt 00:00:11]} 20. Rfe1 {[%clk 00:14:23]} {[%emt
00:00:46]} Rae8 {[%clk 00:10:36]} {[%emt 00:00:11]} 21. Re2 {[%clk 00:14:24]}
{[%emt 00:00:09]} Bg4 {[%clk 00:09:55]} {[%emt 00:00:51]} 22. Re3 {[%clk
00:14:30]} {[%emt 00:00:04]} g5 {[%clk 00:10:00]} {[%emt 00:00:06]} 23. fxg5
{[%clk 00:14:36]} {[%emt 00:00:04]} fxe5 {[%clk 00:10:07]} {[%emt 00:00:03]} 24.
h3 {[%clk 00:14:41]} {[%emt 00:00:04]} e4 {[%clk 00:07:47]} {[%emt 00:02:31]}
25. hxg4 {[%clk 00:14:44]} {[%emt 00:00:07]} exd3 {[%clk 00:07:54]} {[%emt
00:00:03]} 26. Rxd3 {[%clk 00:14:51]} {[%emt 00:00:02]} Re3 {[%clk 00:07:57]}
{[%emt 00:00:08]} 27. Rad1 {[%clk 00:14:58]} {[%emt 00:00:03]} Nb5 {[%clk
00:07:52]} {[%emt 00:00:14]} 28. c4 {[%clk 00:13:36]} {[%emt 00:01:32]} dxc4
{[%clk 00:06:03]} {[%emt 00:01:59]} 29. bxc4 {[%clk 00:13:40]} {[%emt
00:00:07]} Nxd4 {[%clk 00:04:05]} {[%emt 00:02:08]} 30. Nf5 {[%clk 00:12:32]}
{[%emt 00:01:17]} Nxf5 {[%clk 00:04:13]} {[%emt 00:00:02]} 31. gxf5 {[%clk
00:12:39]} {[%emt 00:00:03]} R3e5 {[%clk 00:04:08]} {[%emt 00:00:16]} 32. g4
{[%clk 00:12:37]} {[%emt 00:00:12]} Re4 {[%clk 00:04:14]} {[%emt 00:00:04]} 33.
Rd4 {[%clk 00:12:45]} {[%emt 00:00:02]} c5 {[%clk 00:04:16]} {[%emt 00:00:08]}
34. Rxe4 {[%clk 00:12:52]} {[%emt 00:00:02]} Rxe4 {[%clk 00:04:24]} {[%emt
00:00:02]} 35. Rd8+ {[%clk 00:12:47]} {[%emt 00:00:15]} Kf7 {[%clk 00:04:33]}
{[%emt 00:00:02]} 36. Rd7+ {[%clk 00:12:47]} {[%emt 00:00:10]} Kg8 {[%clk
00:04:35]} {[%emt 00:00:08]} 37. Rd8+ {[%clk 00:11:59]} {[%emt 00:00:58]} Kf7
{[%clk 00:04:43]} {[%emt 00:00:01]} 38. Rd7+ {[%clk 00:12:06]} {[%emt
00:00:04]} 1/2-1/2

[Event "British Rapidplay Championship 2023"]
[Site "Mercure Bradford, Bankfield Hotel"]
[Date "2023.04.15"]
[Round "4.8"]
[White "Patrick, Chaski"]
[Black "Keerthi Kumar, Advait"]
[Result "1-0"]
[TimeControl "All moves in 15 minutes plus 10 second increment per move from move 1"]
[WhiteElo "2068"]
[BlackElo "1455"]

1. e4 {[%clk 00:15:17]} {[%emt 00:00:02]} c5 {[%clk 00:15:18]} {[%emt
00:00:02]} 2. Nf3 {[%clk 00:15:26]} Nc6 {[%clk 00:15:27]} {[%emt 00:00:03]} 3.
Bb5 {[%clk 00:15:34]} {[%emt 00:00:01]} g6 {[%clk 00:15:28]} {[%emt 00:00:09]}
4. O-O {[%clk 00:15:42]} {[%emt 00:00:03]} Bg7 {[%clk 00:15:36]} {[%emt
00:00:01]} 5. Re1 {[%clk 00:15:51]} Nf6 {[%clk 00:15:38]} {[%emt 00:00:08]} 6.
Nc3 {[%clk 00:15:33]} {[%emt 00:00:28]} O-O {[%clk 00:15:40]} {[%emt 00:00:09]}
7. h3 {[%clk 00:15:09]} {[%emt 00:00:33]} d6 {[%clk 00:15:44]} {[%emt
00:00:06]} 8. Bxc6 {[%clk 00:14:40]} {[%emt 00:00:39]} bxc6 {[%clk 00:15:54]}
{[%emt 00:00:01]} 9. e5 {[%clk 00:14:49]} Nd5 {[%clk 00:15:48]} {[%emt
00:00:16]} 10. d4 {[%clk 00:14:06]} {[%emt 00:00:52]} cxd4 {[%clk 00:15:48]}
{[%emt 00:00:10]} 11. Nxd5 {[%clk 00:14:14]} {[%emt 00:00:04]} cxd5 {[%clk
00:15:52]} {[%emt 00:00:05]} 12. Qxd4 {[%clk 00:14:19]} {[%emt 00:00:04]} dxe5
{[%clk 00:15:57]} {[%emt 00:00:06]} 13. Nxe5 {[%clk 00:14:22]} {[%emt
00:00:07]} Bf5 {[%clk 00:15:40]} {[%emt 00:00:28]} 14. Qa4 {[%clk 00:13:16]}
{[%emt 00:01:15]} Qc7 {[%clk 00:15:03]} {[%emt 00:00:47]} 15. Nc6 {[%clk
00:13:14]} {[%emt 00:00:12]} e5 {[%clk 00:13:07]} {[%emt 00:02:06]} 16. Nb4
{[%clk 00:11:46]} {[%emt 00:01:37]} Be6 {[%clk 00:12:53]} {[%emt 00:00:26]} 17.
c3 {[%clk 00:10:24]} {[%emt 00:01:32]} Kh8 {[%clk 00:12:16]} {[%emt 00:00:46]}
18. Bg5 {[%clk 00:10:21]} {[%emt 00:00:13]} Rae8 {[%clk 00:11:13]} {[%emt
00:01:13]} 19. Rad1 {[%clk 00:10:25]} {[%emt 00:00:07]} f6 {[%clk 00:09:09]}
{[%emt 00:02:13]} 20. Be3 {[%clk 00:10:34]} {[%emt 00:00:02]} f5 {[%clk
00:08:40]} {[%emt 00:00:38]} 21. Qxa7 {[%clk 00:10:20]} {[%emt 00:00:25]} Qc8
{[%emt 00:00:24]} 22. Nxd5 {[%clk 00:10:01]} {[%emt 00:00:27]} Bxd5 {[%clk
00:08:34]} {[%emt 00:00:03]} 23. Rxd5 {[%clk 00:10:11]} f4 {[%clk 00:08:04]}
{[%emt 00:00:39]} 24. Bc5 {[%clk 00:10:08]} {[%emt 00:00:14]} Rg8 {[%clk
00:08:08]} {[%emt 00:00:05]} 25. Rd7 {[%clk 00:09:59]} {[%emt 00:00:19]} Qa8
{[%clk 00:06:36]} {[%emt 00:01:42]} 26. a4 {[%clk 00:08:52]} {[%emt 00:01:17]}
Qc6 {[%clk 00:06:29]} {[%emt 00:00:15]} 27. Rd6 {[%clk 00:07:51]} {[%emt
00:01:14]} Qc8 {[%clk 00:06:37]} {[%emt 00:00:02]} 28. a5 {[%clk 00:07:47]}
{[%emt 00:00:14]} f3 {[%clk 00:06:45]} {[%emt 00:00:02]} 29. Rd7 {[%clk
00:06:21]} {[%emt 00:01:35]} fxg2 {[%clk 00:06:47]} {[%emt 00:00:09]} 30. Be3
{[%emt 00:00:54]} Qa8 {[%clk 00:04:57]} {[%emt 00:01:34]} 31. Qxa8 {[%clk
00:06:03]} {[%emt 00:00:10]} Rxa8 {[%clk 00:05:06]} {[%emt 00:00:02]} 32. Bb6
{[%clk 00:06:11]} {[%emt 00:00:02]} Rgc8 {[%clk 00:05:02]} {[%emt 00:00:13]} 33.
Kxg2 {[%clk 00:06:15]} {[%emt 00:00:07]} Kg8 {[%clk 00:05:01]} {[%emt
00:00:10]} 34. Red1 {[%clk 00:06:15]} {[%emt 00:00:10]} Bf6 {[%clk 00:05:01]}
{[%emt 00:00:10]} 35. Rb7 {[%clk 00:06:17]} {[%emt 00:00:08]} e4 {[%clk
00:04:35]} {[%emt 00:00:37]} 36. Rd6 {[%clk 00:06:11]} {[%emt 00:00:15]} Be5
{[%clk 00:04:28]} {[%emt 00:00:15]} 37. Re6 {[%clk 00:06:19]} {[%emt 00:00:04]}
Bg7 {[%clk 00:04:33]} {[%emt 00:00:04]} 38. Rxe4 {[%clk 00:06:23]} {[%emt
00:00:07]} Rc6 {[%clk 00:03:37]} {[%emt 00:01:03]} 39. Ree7 {[%clk 00:06:28]}
{[%emt 00:00:07]} Bf8 {[%clk 00:03:41]} {[%emt 00:00:06]} 40. Rxh7 {[%clk
00:06:35]} {[%emt 00:00:04]} Re6 {[%clk 00:03:35]} {[%emt 00:00:16]} 41. Bd4
{[%clk 00:06:38]} {[%emt 00:00:07]} Bg7 {[%clk 00:03:25]} {[%emt 00:00:21]} 42.
Rbxg7+ {[%clk 00:06:44]} {[%emt 00:00:04]} 1-0

[Event "British Rapidplay Championship 2023"]
[Site "Mercure Bradford, Bankfield Hotel"]
[Date "2023.04.15"]
[Round "4.9"]
[White "Chedd, Neil"]
[Black "Jackson, Sheila"]
[Result "0-1"]
[TimeControl "All moves in 15 minutes plus 10 second increment per move from move 1"]
[WhiteElo "1663"]
[BlackElo "2055"]

1. d4 {[%clk 00:14:48]} {[%emt 00:00:31]} Nf6 {[%clk 00:15:19]} {[%emt
00:00:01]} 2. e3 {[%clk 00:14:55]} {[%emt 00:00:04]} e6 {[%clk 00:15:20]}
{[%emt 00:00:09]} 3. Bd3 {[%clk 00:15:02]} {[%emt 00:00:03]} c5 {[%clk
00:15:19]} {[%emt 00:00:11]} 4. c3 {[%clk 00:15:08]} {[%emt 00:00:03]} Nc6
{[%clk 00:15:28]} {[%emt 00:00:01]} 5. Nf3 {[%clk 00:15:16]} {[%emt 00:00:02]}
d5 {[%clk 00:15:33]} {[%emt 00:00:06]} 6. Ne5 {[%clk 00:14:55]} {[%emt
00:00:30]} Nxe5 {[%clk 00:14:47]} {[%emt 00:00:56]} 7. dxe5 {[%clk 00:15:02]}
{[%emt 00:00:03]} Nd7 {[%clk 00:14:48]} {[%emt 00:00:09]} 8. f4 {[%clk
00:15:07]} {[%emt 00:00:05]} Be7 {[%clk 00:14:36]} {[%emt 00:00:22]} 9. O-O
{[%clk 00:15:03]} {[%emt 00:00:14]} c4 {[%clk 00:14:09]} {[%emt 00:00:37]} 10.
Bc2 {[%clk 00:14:47]} {[%emt 00:00:26]} g6 {[%clk 00:13:38]} {[%emt 00:00:41]}
11. Nd2 {[%clk 00:14:39]} {[%emt 00:00:18]} O-O {[%clk 00:10:38]} {[%emt
00:03:10]} 12. Nf3 {[%clk 00:14:34]} {[%emt 00:00:15]} Nc5 {[%clk 00:10:15]}
{[%emt 00:00:34]} 13. Nd4 {[%clk 00:13:56]} {[%emt 00:00:48]} Bd7 {[%clk
00:09:37]} {[%emt 00:00:48]} 14. Bd2 {[%clk 00:12:06]} {[%emt 00:02:00]} Qb6
{[%clk 00:09:10]} {[%emt 00:00:36]} 15. Rb1 {[%clk 00:11:42]} {[%emt 00:00:34]}
Rac8 {[%clk 00:07:48]} {[%emt 00:01:33]} 16. Qg4 {[%clk 00:08:57]} {[%emt
00:02:55]} Ne4 {[%clk 00:06:57]} {[%emt 00:01:01]} 17. Bxe4 {[%clk 00:08:47]}
{[%emt 00:00:20]} dxe4 {[%clk 00:07:05]} {[%emt 00:00:02]} 18. f5 {[%clk
00:08:18]} {[%emt 00:00:38]} exf5 {[%clk 00:07:08]} {[%emt 00:00:08]} 19. Nxf5
{[%clk 00:07:36]} {[%emt 00:00:52]} Kh8 {[%clk 00:06:44]} {[%emt 00:00:33]} 20.
Qxe4 {[%clk 00:05:25]} {[%emt 00:02:21]} gxf5 {[%clk 00:06:39]} {[%emt
00:00:15]} 21. Qf4 {[%clk 00:05:01]} {[%emt 00:00:34]} Rg8 {[%clk 00:05:27]}
{[%emt 00:01:23]} 22. Kh1 {[%clk 00:03:58]} {[%emt 00:01:12]} Qc6 {[%clk
00:04:59]} {[%emt 00:00:39]} 23. Rg1 {[%clk 00:03:34]} {[%emt 00:00:33]} Rg4
{[%emt 00:00:37]} 24. Qf2 {[%clk 00:03:17]} Rcg8 {[%clk 00:04:53]} {[%emt
00:00:17]} 25. Rbe1 {[%clk 00:02:53]} {[%emt 00:00:34]} Qe4 {[%clk 00:04:47]}
{[%emt 00:00:16]} 26. b3 {[%clk 00:02:30]} {[%emt 00:00:33]} Bh4 {[%clk
00:04:43]} {[%emt 00:00:14]} 27. Qf3 {[%clk 00:02:21]} {[%emt 00:00:18]} Bxe1
{[%clk 00:04:13]} {[%emt 00:00:40]} 28. Qxe4 {[%clk 00:02:25]} {[%emt
00:00:06]} fxe4 {[%clk 00:02:49]} {[%emt 00:01:34]} 29. Bxe1 {[%clk 00:02:25]}
{[%emt 00:00:10]} cxb3 {[%clk 00:02:15]} {[%emt 00:00:44]} 30. axb3 {[%clk
00:02:33]} {[%emt 00:00:03]} Be6 {[%clk 00:02:18]} {[%emt 00:00:06]} 31. c4
{[%clk 00:02:39]} {[%emt 00:00:04]} Rd8 {[%clk 00:01:58]} {[%emt 00:00:31]} 32.
Bb4 {[%clk 00:02:38]} {[%emt 00:00:11]} Rd3 {[%clk 00:01:43]} {[%emt 00:00:24]}
33. Bc5 {[%clk 00:02:29]} {[%emt 00:00:19]} b6 {[%clk 00:01:39]} {[%emt
00:00:15]} 34. Bd6 {[%clk 00:02:02]} {[%emt 00:00:36]} Rxb3 {[%clk 00:01:29]}
{[%emt 00:00:20]} 35. Ra1 {[%clk 00:01:52]} {[%emt 00:00:20]} a5 {[%clk
00:00:49]} {[%emt 00:00:50]} 36. h3 {[%clk 00:02:00]} {[%emt 00:00:02]} Rg8
{[%clk 00:00:55]} {[%emt 00:00:05]} 37. Be7 {[%clk 00:02:06]} {[%emt 00:00:03]}
h5 {[%clk 00:01:01]} {[%emt 00:00:04]} 38. Bf6+ {[%clk 00:02:11]} {[%emt
00:00:05]} Kh7 {[%clk 00:01:11]} 39. c5 {[%clk 00:02:06]} {[%emt 00:00:16]}
bxc5 {[%emt 00:00:09]} 40. Rxa5 {[%clk 00:02:13]} {[%emt 00:00:02]} Rb1+ {[%clk
00:01:19]} {[%emt 00:00:03]} 41. Kh2 {[%clk 00:02:21]} {[%emt 00:00:03]} Rb2
{[%clk 00:01:27]} {[%emt 00:00:02]} 42. Ra1 {[%clk 00:01:55]} {[%emt 00:00:36]}
Rgxg2+ {[%clk 00:01:28]} {[%emt 00:00:09]} 43. Kh1 {[%clk 00:02:02]} {[%emt
00:00:02]} Rh2+ {[%clk 00:01:37]} {[%emt 00:00:01]} 44. Kg1 {[%clk 00:02:10]}
{[%emt 00:00:02]} Rbg2+ {[%clk 00:01:43]} {[%emt 00:00:04]} 45. Kf1 {[%clk
00:02:19]} {[%emt 00:00:01]} Rh1+ {[%clk 00:01:36]} {[%emt 00:00:18]} 46. Kxg2
{[%clk 00:02:15]} {[%emt 00:00:14]} Rxa1 {[%clk 00:01:44]} {[%emt 00:00:02]}
0-1

[Event "British Rapidplay Championship 2023"]
[Site "Mercure Bradford, Bankfield Hotel"]
[Date "2023.04.15"]
[Round "4.10"]
[White "Quilter, Thomas A"]
[Black "Kryshtafor, Maksym"]
[Result "1-0"]
[TimeControl "All moves in 15 minutes plus 10 second increment per move from move 1"]
[WhiteElo "2062"]
[BlackElo "1667"]

1. Nc3 {[%clk 00:15:03]} {[%emt 00:00:16]} e5 {[%clk 00:15:13]} {[%emt
00:00:08]} 2. Nf3 {[%clk 00:14:51]} {[%emt 00:00:21]} Nc6 {[%clk 00:15:17]}
{[%emt 00:00:07]} 3. d4 {[%clk 00:14:00]} {[%emt 00:01:01]} exd4 {[%clk
00:14:47]} {[%emt 00:00:40]} 4. Nxd4 {[%clk 00:14:03]} {[%emt 00:00:06]} Nxd4
{[%clk 00:11:41]} {[%emt 00:03:17]} 5. Qxd4 {[%clk 00:14:11]} {[%emt 00:00:02]}
Qf6 {[%clk 00:11:33]} {[%emt 00:00:19]} 6. Qa4 {[%clk 00:12:18]} {[%emt
00:02:01]} Qc6 {[%clk 00:10:54]} {[%emt 00:00:50]} 7. Qb3 {[%clk 00:11:08]}
{[%emt 00:01:20]} Nf6 {[%clk 00:09:43]} {[%emt 00:01:20]} 8. Bf4 {[%clk
00:09:23]} {[%emt 00:01:55]} Bd6 {[%clk 00:09:13]} {[%emt 00:00:41]} 9. Bxd6
{[%clk 00:09:01]} {[%emt 00:00:32]} Qxd6 {[%clk 00:09:15]} {[%emt 00:00:07]} 10.
Nb5 {[%clk 00:08:42]} {[%emt 00:00:30]} Qb6 {[%clk 00:09:01]} {[%emt 00:00:23]}
11. Qc4 {[%clk 00:07:43]} {[%emt 00:01:09]} Kd8 {[%clk 00:07:50]} {[%emt
00:01:22]} 12. O-O-O {[%clk 00:07:20]} {[%emt 00:00:34]} a6 {[%clk 00:07:35]}
{[%emt 00:00:25]} 13. Nc3 {[%clk 00:06:17]} {[%emt 00:01:13]} Qe6 {[%clk
00:07:17]} {[%emt 00:00:27]} 14. Qh4 {[%clk 00:06:10]} {[%emt 00:00:16]} Qg4
{[%clk 00:07:01]} {[%emt 00:00:27]} 15. Qg3 {[%clk 00:03:59]} {[%emt 00:02:21]}
Qxg3 {[%clk 00:07:04]} {[%emt 00:00:07]} 16. hxg3 {[%clk 00:04:08]} d6 {[%clk
00:06:57]} {[%emt 00:00:18]} 17. e4 {[%clk 00:04:14]} {[%emt 00:00:05]} Re8
{[%clk 00:06:51]} {[%emt 00:00:15]} 18. f3 {[%clk 00:04:21]} {[%emt 00:00:04]}
h6 {[%clk 00:06:53]} {[%emt 00:00:08]} 19. Ne2 {[%clk 00:04:05]} {[%emt
00:00:25]} Be6 {[%clk 00:06:40]} {[%emt 00:00:24]} 20. Nd4 {[%clk 00:04:10]}
{[%emt 00:00:05]} Kd7 {[%clk 00:06:33]} {[%emt 00:00:17]} 21. Bd3 {[%clk
00:03:46]} {[%emt 00:00:33]} Rad8 {[%clk 00:05:49]} {[%emt 00:00:54]} 22. Nxe6
{[%clk 00:03:10]} {[%emt 00:00:46]} Rxe6 {[%clk 00:05:45]} {[%emt 00:00:15]} 23.
Rhe1 {[%clk 00:03:07]} {[%emt 00:00:12]} Rde8 {[%clk 00:05:36]} {[%emt
00:00:19]} 24. Bc4 {[%clk 00:02:54]} {[%emt 00:00:23]} R6e7 {[%clk 00:05:37]}
{[%emt 00:00:09]} 25. a4 {[%clk 00:02:40]} {[%emt 00:00:24]} Kc8 {[%clk
00:05:35]} {[%emt 00:00:12]} 26. Bb3 {[%clk 00:02:34]} {[%emt 00:00:16]} Nh5
{[%clk 00:05:27]} {[%emt 00:00:18]} 27. g4 {[%clk 00:02:39]} {[%emt 00:00:05]}
Nf4 {[%clk 00:05:06]} {[%emt 00:00:31]} 28. g3 {[%clk 00:02:34]} {[%emt
00:00:14]} Ne6 {[%clk 00:04:57]} {[%emt 00:00:20]} 29. a5 {[%clk 00:02:20]}
{[%emt 00:00:25]} Nc5 {[%clk 00:04:49]} {[%emt 00:00:17]} 30. Bc4 {[%clk
00:02:26]} {[%emt 00:00:04]} Nd7 {[%clk 00:04:22]} {[%emt 00:00:37]} 31. Rh1
{[%clk 00:02:16]} {[%emt 00:00:20]} Ne5 {[%clk 00:04:17]} {[%emt 00:00:15]} 32.
Be2 {[%clk 00:02:25]} {[%emt 00:00:01]} Nc6 {[%clk 00:04:17]} {[%emt 00:00:11]}
33. Bc4 {[%clk 00:01:18]} {[%emt 00:01:17]} Nxa5 {[%clk 00:04:18]} {[%emt
00:00:08]} 34. Bd5 {[%clk 00:01:27]} {[%emt 00:00:01]} b6 {[%clk 00:04:09]}
{[%emt 00:00:20]} 35. Rh5 {[%clk 00:01:12]} {[%emt 00:00:24]} Nb7 {[%clk
00:03:49]} {[%emt 00:00:30]} 36. g5 {[%clk 00:01:10]} {[%emt 00:00:12]} hxg5
{[%clk 00:03:39]} {[%emt 00:00:20]} 37. Rxg5 {[%clk 00:01:19]} f6 {[%clk
00:03:31]} {[%emt 00:00:18]} 38. Rg4 {[%clk 00:01:24]} {[%emt 00:00:05]} g5
{[%clk 00:03:29]} {[%emt 00:00:13]} 39. Rh1 {[%clk 00:01:27]} {[%emt 00:00:06]}
Nd8 {[%clk 00:02:55]} {[%emt 00:00:44]} 40. Rh6 {[%clk 00:01:34]} {[%emt
00:00:03]} Rf8 {[%clk 00:02:48]} {[%emt 00:00:18]} 41. f4 {[%clk 00:01:42]} c6
{[%clk 00:02:01]} {[%emt 00:00:57]} 42. Bc4 {[%clk 00:01:37]} {[%emt 00:00:15]}
Rxe4 {[%clk 00:01:23]} {[%emt 00:00:47]} 43. Bd3 {[%clk 00:01:23]} {[%emt
00:00:24]} Ra4 {[%clk 00:01:04]} {[%emt 00:00:30]} 44. b3 {[%clk 00:01:03]}
{[%emt 00:00:30]} Ra5 {[%clk 00:00:59]} {[%emt 00:00:15]} 45. b4 {[%clk
00:00:44]} {[%emt 00:00:29]} Ra4 {[%clk 00:00:53]} {[%emt 00:00:16]} 46. fxg5
{[%clk 00:00:34]} {[%emt 00:00:21]} fxg5 {[%clk 00:00:52]} {[%emt 00:00:10]} 47.
Rxd6 {[%clk 00:00:33]} {[%emt 00:00:11]} Kc7 {[%clk 00:00:47]} {[%emt
00:00:16]} 48. Rh6 {[%clk 00:00:34]} {[%emt 00:00:08]} Rg8 {[%clk 00:00:24]}
{[%emt 00:00:33]} 49. Rd4 {[%clk 00:00:32]} {[%emt 00:00:12]} c5 {[%clk
00:00:20]} {[%emt 00:00:15]} 50. Rh7+ {[%clk 00:00:33]} {[%emt 00:00:09]} Kb8
{[%clk 00:00:26]} {[%emt 00:00:04]} 51. Rdd7 {[%clk 00:00:25]} {[%emt
00:00:18]} Rxb4 {[%clk 00:00:22]} {[%emt 00:00:13]} 52. Bxa6 {[%clk 00:00:28]}
{[%emt 00:00:07]} Rf8 {[%clk 00:00:25]} {[%emt 00:00:08]} 53. Rc7 {[%clk
00:00:28]} {[%emt 00:00:09]} Ne6 {[%clk 00:00:14]} {[%emt 00:00:21]} 54. Rb7+
{[%clk 00:00:33]} {[%emt 00:00:05]} Ka8 {[%clk 00:00:17]} {[%emt 00:00:07]} 55.
Ra7+ {[%clk 00:00:42]} {[%emt 00:00:01]} Kb8 {[%clk 00:00:22]} {[%emt
00:00:06]} 56. Rhb7+ {[%clk 00:00:50]} {[%emt 00:00:02]} Kc8 {[%clk 00:00:25]}
{[%emt 00:00:07]} 57. Ra8# {[%clk 00:00:40]} {[%emt 00:00:01]} 1-0

[Event "British Rapidplay Championship 2023"]
[Site "Mercure Bradford, Bankfield Hotel"]
[Date "2023.04.15"]
[Round "4.11"]
[White "Monterde, Angel"]
[Black "Clark, Robert G"]
[Result "0-1"]
[TimeControl "All moves in 15 minutes plus 10 second increment per move from move 1"]
[WhiteElo "1646"]
[BlackElo "2008"]

1. f4 {[%clk 00:15:18]} {[%emt 00:00:01]} e5 {[%clk 00:15:15]} {[%emt
00:00:05]} 2. fxe5 {[%clk 00:15:26]} {[%emt 00:00:03]} d6 {[%clk 00:15:23]} 3.
exd6 {[%clk 00:15:31]} {[%emt 00:00:06]} Bxd6 {[%clk 00:15:32]} {[%emt
00:00:01]} 4. Nf3 {[%clk 00:15:38]} {[%emt 00:00:03]} g5 {[%clk 00:15:31]}
{[%emt 00:00:09]} 5. g3 {[%clk 00:15:39]} {[%emt 00:00:10]} h5 {[%clk
00:14:56]} {[%emt 00:00:45]} 6. d4 {[%clk 00:14:41]} {[%emt 00:01:08]} f6
{[%clk 00:13:00]} {[%emt 00:02:05]} 7. Qd3 {[%clk 00:13:04]} {[%emt 00:01:48]}
Ne7 {[%clk 00:11:51]} {[%emt 00:01:20]} 8. Nc3 {[%clk 00:12:49]} {[%emt
00:00:24]} Nbc6 {[%clk 00:11:20]} {[%emt 00:00:41]} 9. Ne4 {[%clk 00:11:56]}
{[%emt 00:01:03]} Nf5 {[%clk 00:10:16]} {[%emt 00:01:14]} 10. c3 {[%clk
00:10:53]} {[%emt 00:01:13]} Qe7 {[%clk 00:08:53]} {[%emt 00:01:32]} 11. Bd2
{[%clk 00:10:06]} {[%emt 00:00:58]} Bd7 {[%clk 00:08:30]} {[%emt 00:00:33]} 12.
O-O-O {[%clk 00:09:23]} {[%emt 00:00:54]} O-O-O {[%clk 00:08:16]} {[%emt
00:00:24]} 13. Bg2 {[%clk 00:07:45]} {[%emt 00:01:47]} Rde8 {[%clk 00:07:44]}
{[%emt 00:00:41]} 14. Nxd6+ {[%clk 00:07:33]} {[%emt 00:00:23]} Nxd6 {[%clk
00:07:33]} {[%emt 00:00:21]} 15. e3 {[%clk 00:06:09]} {[%emt 00:01:35]} Bf5
{[%clk 00:07:18]} {[%emt 00:00:24]} 16. Qf1 {[%clk 00:05:54]} {[%emt 00:00:25]}
Qe4 {[%clk 00:07:02]} {[%emt 00:00:25]} 0-1